Oeuvres complètes de Bourdaloue : Exhortations : Instructions : Pensées : Retraite /

Zapisane w:
Opis bibliograficzny
1. autor: Bourdaloue, Louis (autor)
Format: Książka
Język:francuski
Wydanie:Nueva ed.
Hasła przedmiotowe:
Etykiety: Dodaj etykietę
Nie ma etykietki, Dołącz pierwszą etykiete!

MARC

LEADER 00000nam^a2200000^a^4500
001 000363958
005 20250526000000.0
009 20260310115603.316
037 |a Acervo Xavier Clavigero 
041 |a FRA 
082 |a 252.  |b BOU OBR COM V. 4 
100 |a Bourdaloue, Louis  |e (autor) 
240 1 1 |a [Sermones del padre Louis Bourdaloue] 
240 1 1 |a [Obras completas del R.P. Luis Bourdaloue de la Compañía de Jesús] 
240 1 1 |a [Oeuvres complètes de Bourdaloue] 
245 1 0 |a Oeuvres complètes de Bourdaloue :  |b Exhortations : Instructions : Pensées : Retraite /  |c L. Bourdaloue. 
250 |a Nueva ed. 
264 |a París, Francia :  |b Louis Vivès,  |c 1890 
300 |a 691 p. ;  |c 27.5 cm. 
336 |a texto  |b txt  |2 rdacontenido 
337 |a sin mediación  |b n  |2 rdamedio 
338 |a volumen  |b nc  |2 rdasoporte 
545 0 |a Louis Bourdaloue (Bourges, 1632-París, 1704), fue un jesuita reconocido como “el rey de los oradores” considerado como el modelo a seguir por los oradores del púlpito en Francia. Al ingresar a la compañía de Jesús desde los quince años, Louis llamó la atención por su férrea dedicación a la disciplina religiosa y por su inteligencia. Siendo maestro de teología moral y filosofía se le reconoció su capacidad para improvisar y su habilidad como orador fue lo que lo llevó a dedicarse de lleno a la predicación en las provincias francesas y finalmente en París donde adquirió fama junto con Jacobo Bossuet aunque con métodos muy diferentes. Sus palabras impactaban lo mismo a personajes de la nobleza que a la gente sencilla de las provincias por lo que Bourdaloue preparaba, tanto sus presentaciones, que llegaban a ser casi teatrales, como sus discursos, los cuales se editan en doce y dieciséis volúmenes desde 1707. 
561 |a Ex libris de San Cayetano Bibl. Domus 
649 |a XX 
650 |a Santos 
650 |a Huérfanos 
650 |a Presos 
650 |a Virgen María -  |x Asunción 
650 |a Jesucristo -  |x Crucifixión 
650 |a Jesucristo -  |x Pasión 
650 |a Jesucristo -  |x Juicio 
650 |a Jesucristo -  |x Natividad 
650 |a Jesucristo -  |x Mesías 
650 |a Mesías -  |x Profecías 
650 |a Iglesia Católica 
650 |a Sermones Franceses -  |x Tema Principal 
650 |a Oratoria 
650 |a Retórica 
650 |a Obediencia 
650 |a Pobreza 
650 |a Humildad 
650 |a Oración (Religión) 
650 |a Devoción 
650 |a Penitencia 
650 |a Vicios 
650 |a Fe 
650 |a Salvación 
650 |a Caridad 
650 |a Prudencia 
650 |a Humildad 
650 |a Caridad 
650 |a Muerte 
650 |a Vida Cristiana -  |x Tema Principal 
650 |a Pascua 
650 |a Cuaresma 
650 |a Adviento 
650 |a Año Litúrgico 
650 |a Fiestas Religiosas (Catolicismo) 
650 |a Eucaristía 
650 |a Ordenación Sacerdotal 
650 |a Sacramentos 
650 |a Teología Pastoral 
650 |a Catolicismo 
650 |a Cristianismo 
650 |a Religión 
650 |a Juan Bautista,  |c Santo 
910 |a Fondo General 
920 |a Impresos - Libros 
930 |a Libros Antiguos y Raros 
905 |a 108 
901 |a 0500257539  |b IT2  |c LRA  |u 20250526 
902 |a https://opac.biblio.iteso.mx/vufind/Record/000363958